Integrated arithmetic and basic algebra (Record no. 8757)
[ view plain ]
| 000 -LEADER | |
|---|---|
| fixed length control field | 00359nam a22001217a 4500 |
| 050 ## - LIBRARY OF CONGRESS CALL NUMBER | |
| Classification Number | QA 107.2 |
| Item Number | .J67 2010 |
| 100 ## - MAIN ENTRY--Author | |
| Personal name | Jordan, Bill E. |
| 245 ## - TITLE | |
| Title | Integrated arithmetic and basic algebra |
| Statement of responsibility, etc | Bill E. Jordan, William P. Palow. |
| 260 ## - PUBLICATION, DISTRIBUTION, ETC.(IMPRINT) | |
| Place of publication, distribution, etc | Boston : |
| Name of publisher, distributor, etc | Pearson, |
| Date of publication, distribution, etc | 2010 |
| 650 ## - SUBJECT--TOPIC | |
| Topical term following geographic name as entry element | Arithmetic. |
| Form subdivision | Algebra. |
| 700 ## - ADDED ENTRY--PERSONAL AUTHOR | |
| Personal Name | Palow, William P. |
| 942 ## - ADDED ENTRY ELEMENTS(KOHA) | |
| Source of classification or shelving scheme | Library of Congress Classification |
| Koha item type | General circulation |
| Source of classification or shelving scheme | Not for loan | Location (home branch) | Sublocation (holding branch) | Shelving location | Date accessioned | Full call number | Barcode | Koha item type |
|---|---|---|---|---|---|---|---|---|
| Library of Congress Classification | Main Campus Library | Main Campus Library | 09/09/2015 | QA 107.2 .J67 2010 | 2015/007531 | General circulation |